[Event "Stay Safe Play From Home 224"]
[Site "T#646781Emanuel Laske"]
[Date "2020.06.14"]
[Round "7"]
[White "Sfantul321"]
[Black "Shyamph1980"]
[Result "1-0"]
[WhiteElo "1962"]
[BlackElo "1570"]
[Annotator "NA RC"]
[PlyCount "47"]
[EventDate "2020.06.14"]
[EventType "swiss (blitz)"]

1. c4 {[%emt 0:00:01]} e6 {[%emt 0:00:02]} 2. Nc3 {[%emt 0:00:00]} Nf6 {[%emt 0:00:01]} 3. d4 {[%emt 0:00:00]} Bb4 {[%emt 0:00:00]} 4. f3 {[%emt 0:00:01]} b6 {[%emt 0:00:01]} 5. e4 {[%emt 0:00:01]} Bb7 {[%emt 0:00:01]} 6. Bd3 {[%emt 0:00:01]} Bxc3+ {[%emt 0:00:01]} 7. bxc3 {[%emt 0:00:01]} d6 {[%emt 0:00:00]} 8. Ne2 {[%emt 0:00:01]} Nbd7 {[%emt 0:00:01]} 9. Bg5 {[%emt 0:00:01]} O-O {[%emt 0:00:01]} 10. Qd2 {[%emt 0:00:01]} h6 {[%emt 0:00:01]} 11. Bxf6 {[%emt 0:00:01]} Nxf6 {[%emt 0:00:01]} 12. O-O {[%emt 0:00:00]} e5 {[%emt 0:00:02]} 13. d5 {[%emt 0:00:01]} c6 {[%emt 0:00:01]} 14. f4 {[%emt 0:00:01]} Qe7 {[%emt 0:00:02]} 15. Rab1 {[%emt 0:00:02]} cxd5 {[%emt 0:00:01]} 16. cxd5 {[%emt 0:00:01]} Rac8 {[%emt 0:00:00]} 17. c4 {[%emt 0:00:01]} Rc5 {[%emt 0:00:02]} 18. Nc3 {[%emt 0:00:01]} Qc7 {[%emt 0:00:01]} 19. fxe5 {[%emt 0:00:01]} dxe5 {[%emt 0:00:01]} 20. Rxf6 {[%emt 0:00:01]} gxf6 {[%emt 0:00:02]} 21. Qxh6 {[%emt 0:00:00]} Rc8 {[%emt 0:00:04]} 22. Rf1 {[%emt 0:00:03]} Qd8 {[%emt 0:00:02]} 23. Rf3 {[%emt 0:00:02]} Qf8 {[%emt 0:00:17]} 24. Rg3+ {[%emt 0:00:01] Shyamph1980 resigns (Lag: Av=0.55s, max=1.3s)} 1-0

[Event "Stay Safe Play From Home 224"]
[Site "T#646781Emanuel Laske"]
[Date "2020.06.14"]
[Round "7"]
[White "EL sanbary"]
[Black "Rogan"]
[Result "1-0"]
[WhiteElo "1921"]
[BlackElo "2233"]
[Annotator "TA"]
[PlyCount "63"]
[EventDate "2020.06.14"]
[EventType "swiss (blitz)"]

{[%evp 9,62,-9,-8,0,-13,-17,-18,-15,-18,-95,-85,-81,-27,-25,0,0,0,0,35,31,37,25,104,51,94,0,0,0,0,-40,0,0,0,0,1518,1492,1493,1455,2174,2080,29988,29989,29989,29988,29992,29992,29995,29996,29996,29994,29995,29995,29996,29997,29999]} 1. c4 c6 2. g3 d5 3. cxd5 cxd5 4. d4 Nf6 5. Bg2 Bg4 6. Nf3 {A11: English Opening: 1...c6.} Nc6 7. O-O e6 8. Nc3 {The position is equal.} Bd6 9. Bf4 (9. h3 $11 {keeps the balance.} Bh5 10. Nb5) 9... Bxf4 10. gxf4 O-O ({Black should try} 10... Bxf3 $17 11. Bxf3 Qb6) 11. Ne5 $11 {[#]} Nxe5 $146 ({Predecessor:} 11... Qb6 12. Nxc6 Qxc6 13. Rc1 Qd6 14. Qd2 a6 15. f3 Bh5 16. e4 Nd7 17. f5 exf5 {0-1 (47) Njaa,J (1483)-Malin,O (1496) Vadso 2004}) 12. fxe5 {f3 is the strong threat.} Nd7 13. Qd2 f5 14. e3 Qh4 15. f4 g5 (15... a6 $11) 16. fxg5 (16. Nb5 $16) 16... Qxg5 17. Rf4 (17. Nb5 $16) 17... Kh8 18. Kh1 Rg8 19. Raf1 Rg6 20. Nb5 {[%cal Bc3b5,Bb5d6,Bd6f7,Bf7g5,Bg5e6,Be6f4][%mdl 32]} Rag8 {Strongly threatening ...Bh3!} 21. Nd6 {aiming for Nf7+.} Bh3 $2 {[%mdl 8192]} (21... R6g7 $11) 22. Nf7+ $18 {[%mdl 64] Double Attack} Kg7 23. Nxg5 Bxg2+ 24. Qxg2 h6 25. Nxe6+ {White mates.} Kh7 26. Qf3 Nb6 27. Rxf5 Nc4 28. Rf7+ {[%mdl 64] Double Attack} Kh8 {[#]} 29. Nf4 $1 Nd2 {[#]} 30. Qh5 $1 Rc6 {[#]} 31. e6 $1 {[%cal Rh5h6]} Nxf1 32. Qxh6# {Accuracy: White = 66%, Black = 62%.} 1-0

[Event "Stay Safe Play From Home 224"]
[Site "T#646781Emanuel Laske"]
[Date "2020.06.14"]
[Round "7"]
[White "Klasman"]
[Black "Trotsky"]
[Result "1-0"]
[WhiteElo "1246"]
[BlackElo "1570"]
[Annotator "NA RC"]
[PlyCount "53"]
[EventDate "2020.06.14"]
[EventType "swiss (blitz)"]

1. f4 {[%emt 0:00:01]} d5 {[%emt 0:00:01]} 2. e3 {[%emt 0:00:02]} e6 {[%emt 0:00:00]} 3. Nf3 {[%emt 0:00:01]} c5 {[%emt 0:00:00]} 4. d4 {[%emt 0:00:01]} Nc6 {[%emt 0:00:00]} 5. c4 {[%emt 0:00:01]} Qc7 {[%emt 0:00:01]} 6. cxd5 {[%emt 0:00:01]} exd5 {[%emt 0:00:01]} 7. Nc3 {[%emt 0:00:01]} Be6 {[%emt 0:00:01]} 8. f5 {[%emt 0:00:05]} Bxf5 {[%emt 0:00:03]} 9. Nxd5 {[%emt 0:00:03]} Qd6 {[%emt 0:00:03]} 10. Bc4 {[%emt 0:00:05]} Be6 {[%emt 0:00:01]} 11. e4 {[%emt 0:00:02]} a6 {[%emt 0:00:02]} 12. O-O {[%emt 0:00:04]} Qb8 {[%emt 0:00:04]} 13. Be3 {[%emt 0:00:03]} Bd6 {[%emt 0:00:03]} 14. e5 {[%emt 0:00:03]} cxd4 {[%emt 0:00:04]} 15. Bxd4 {[%emt 0:00:04]} Nxd4 {[%emt 0:00:02]} 16. Qxd4 {[%emt 0:00:03]} Nh6 {[%emt 0:00:05]} 17. exd6 {[%emt 0:00:02]} Ng4 {[%emt 0:00:03]} 18. Qxg7 {[%emt 0:00:02]} Rf8 {[%emt 0:00:07]} 19. h3 {[%emt 0:00:02]} f6 {[%emt 0:00:02]} 20. hxg4 {[%emt 0:00:02]} Rg8 {[%emt 0:00:01]} 21. Nxf6+ {[%emt 0:00:01]} Kd8 {[%emt 0:00:04]} 22. Qe7+ {[%emt 0:00:01]} Kc8 {[%emt 0:00:02]} 23. Nxg8 {[%emt 0:00:02]} Qa7+ {[%emt 0:00:03]} 24. Kh1 {[%emt 0:00:03]} b5 {[%emt 0:00:01]} 25. Bxe6+ {[%emt 0:00:01]} Kb8 {[%emt 0:00:02]} 26. Qd8+ {[%emt 0:00:01]} Kb7 {[%emt 0:00:01]} 27. Qc7# {[%emt 0:00:01] (Lag: Av=0.32s, max=0.7s)} 1-0

[Event "Stay Safe Play From Home 224"]
[Site "T#646781Emanuel Laske"]
[Date "2020.06.14"]
[Round "8"]
[White "Mepe_Nika"]
[Black "Edmatuag"]
[Result "1-0"]
[WhiteElo "2364"]
[BlackElo "1736"]
[Annotator "TA"]
[PlyCount "63"]
[EventDate "2020.06.14"]
[EventType "swiss (blitz)"]

{[%evp 9,62,6,8,8,-5,-19,3,-56,-41,-130,-114,-171,-127,-127,-132,-110,20,9,20,20,47,54,296,280,286,304,278,152,168,0,239,220,217,196,315,222,447,273,572,552,1654,1680,1665,1604,1981,1976,29992,29993,29993,29994,29997,29996,29997,29998,29999]} 1. d4 d6 2. Bf4 e6 3. e4 Nf6 4. Nc3 {[#]} d5 $146 ({Predecessor:} 4... Be7 5. Nf3 O-O {½-½ (5) Radovic,D (2031)-Djordjevic,D (1936) Belgrade 2018}) 5. e5 Nfd7 $1 6. Nf3 {A41: 1 d4 d6: Tartakower System and Modern Defence.} c5 7. Bb5 Nc6 8. Bg5 (8. O-O $11) 8... Qb6 {[%cal Rc6d4]} 9. Bxc6 ({White should try} 9. dxc5 $15 Bxc5 10. O-O) 9... bxc6 $17 10. Qd2 (10. O-O $17 {was worth a try.}) 10... Ba6 11. Na4 Qb5 12. b3 c4 (12... h6 $17 13. Be3 cxd4 14. Bxd4 c5) 13. O-O $11 Bb4 14. Qf4 cxb3 15. axb3 Be7 $2 (15... h6 $14) 16. Bxe7 $18 Kxe7 17. Ng5 ({Don't take} 17. Nc3 $6 Qb6 $16) 17... Raf8 {[#]} 18. Nc3 (18. c4 $1 $18 {[%mdl 512]} Qb7 (18... dxc4 19. Ne4) 19. Qh4) 18... Qb6 $16 19. Na4 (19. Rfe1 $142) 19... Qb5 $1 $18 20. Rfb1 h6 21. Nf3 f5 (21... Ra8 $142 22. Qc1 Qb8 23. Qa3+ Ke8) 22. Qd2 g5 $2 (22... Ra8 {might work better.} 23. c4 Qb8) 23. c4 dxc4 $2 (23... Qb8 24. Qa5 Bb7) 24. Nc3 cxb3 25. Nxb5 Bxb5 26. Rxa7 Rb8 27. Qb4+ {[%mdl 64] [#] Double Attack} Kf7 28. Rxd7+ {White mates.} Kg6 29. Qe7 {[%csl Gd7][%cal Re7f7]} Rh7 30. Qxh7+ Kh5 31. h3 {[%cal Rh7f7]} g4 32. Qf7# {Accuracy: White = 56%, Black = 34%.} 1-0

[Event "Stay Safe Play From Home 224"]
[Site "T#646781Emanuel Laske"]
[Date "2020.06.14"]
[Round "8"]
[White "Rogan"]
[Black "Haxhi Baha"]
[Result "0-1"]
[WhiteElo "2204"]
[BlackElo "1974"]
[Annotator "TA"]
[PlyCount "90"]
[EventDate "2020.06.14"]
[EventType "swiss (blitz)"]

{[%evp 9,90,16,39,-2,3,13,38,27,33,35,36,20,33,18,48,0,0,0,0,-4,0,-15,26,26,92,101,95,25,112,45,45,27,43,38,51,35,35,35,36,0,22,0,0,0,0,0,0,0,0,0,0,0,0,0,0,0,0,-656,-650,-592,-606,-12833,-12836,-12837,-12837,-12837,-166,-2283,0,-12837,0,0,0,-29986,-29987,-29987,-29988,-29993,-29992,-29993,-29994,-29995,-29996]} 1. d4 d5 2. c3 e6 3. Nf3 c5 4. Bg5 Be7 5. Bxe7 Qxe7 6. e3 {D02: 1 d4 d5 2 Nf3 sidelines, including 2...Nf6 3 g3 and 2...Nf6 3 Bf4.} Nc6 7. Bd3 f5 8. Nbd2 {White is slightly better.} Nf6 {[#]} 9. O-O $146 ({Predecessor:} 9. Qe2 Qd6 10. h3 c4 11. Bc2 b5 12. g4 Ne4 13. a3 a5 14. gxf5 exf5 15. Rg1 {1-0 (37) Garcia Gonzalez,F-Redondo Arguelles,G Asturias 1997}) 9... c4 10. Bc2 Bd7 11. b3 $36 {[%mdl 2048] White has the initiative.} b5 12. bxc4 (12. a4 $14 b4 13. cxb4) 12... bxc4 $11 13. Ba4 O-O 14. Bxc6 Bxc6 15. Ne5 Be8 16. Rb1 Ne4 (16... Qc7 $11 {keeps the balance.}) 17. Nxe4 $16 fxe4 18. f4 (18. Qc2 $16) 18... Bg6 (18... exf3 $1 $11 19. Rxf3 Bg6 20. Nxg6 hxg6) 19. Nxg6 ({White should try} 19. Rb2 $16) 19... hxg6 $14 20. Qg4 Kf7 21. Rb4 Rab8 22. Rfb1 Rxb4 23. Rxb4 {[%mdl 4096] Endgame KQR-KQR} Rc8 24. a4 Rc7 25. a5 Rb7 26. Rxb7 Qxb7 $11 {KQ-KQ} 27. h4 Qb2 28. h5 gxh5 29. Qxh5+ Ke7 30. Qg5+ {[%mdl 64] Double Attack} Kf7 31. f5 Qxc3 ({Avoid the trap} 31... Qc1+ $2 32. Kh2 $18) 32. Qg6+ Kf8 33. fxe6 $2 {[%mdl 8192]} (33. Qg5 $11 Qa1+ 34. Kh2) 33... Qxe3+ $19 34. Kf1 {[%csl Ge6][%cal Rg6f7] [#]} Qf4+ $1 35. Ke1 {If White can now play e7+! this consolidates a bit.} e3 36. e7+ Kxe7 37. Qxg7+ Ke6 $2 (37... Qf7 38. Qe5+ Kd7 39. Qxe3 Qg7) 38. Qg8+ $2 (38. Qg6+ Kd7 39. Qg7+ Kc6 40. Qg6+ Kb5 41. Qb1+ Ka6 42. Qg6+ Kxa5 43. Qc2 Qh4+ 44. g3 Qh1+ 45. Ke2 Qg2+ 46. Kxe3 Qxc2 47. Kf3 Qe4+ {[%mdl 64] Double Attack} 48. Kf2 c3 49. g4 c2 50. Kg3 c1=Q 51. Kh4 Qeh1+ 52. Kg3 Qe3#) 38... Ke7 (38... Kf6 $142 39. Qd8+ Ke6 40. Qc8+ Kf7 41. Qd7+ Kg6 42. Qe6+ Kh5 43. Qe8+ Kg4 44. Qg8+ Qg5) 39. Qg7+ $1 {[#]} Kd8 $2 (39... Qf7 $1 $19 {[%cal Rf7g7]} 40. Qg5+ Kd7 41. Qxe3 Qg6) 40. Qg8+ Kc7 {( -> ...Qf2+)} 41. Qg7+ $2 {[%mdl 8192]} (41. Qh7+ $11 Kc6 42. Kd1 Qxd4+ 43. Ke2) 41... Kc6 {Black mates.} 42. Qg6+ {[#]} Kb5 $1 43. Qe8+ Kxa5 44. Qd8+ Kb4 45. Qd6+ Qxd6 {Accuracy: White = 68%, Black = 71%.} 0-1

[Event "Stay Safe Play From Home 224"]
[Site "T#646781Emanuel Laske"]
[Date "2020.06.14"]
[Round "8"]
[White "SoulofWolf"]
[Black "Sfantul321"]
[Result "1-0"]
[WhiteElo "2143"]
[BlackElo "1965"]
[Annotator "NA RC"]
[PlyCount "103"]
[EventDate "2020.06.14"]
[EventType "swiss (blitz)"]

1. d4 {[%emt 0:00:00]} g6 {[%emt 0:00:00]} 2. Nf3 {[%emt 0:00:00]} Bg7 {[%emt 0:00:00]} 3. g3 {[%emt 0:00:02]} d6 {[%emt 0:00:00]} 4. Bg2 {[%emt 0:00:00]} Nf6 {[%emt 0:00:00]} 5. O-O {[%emt 0:00:00]} O-O {[%emt 0:00:00]} 6. Re1 {[%emt 0:00:00]} c6 {[%emt 0:00:01]} 7. b3 {[%emt 0:00:00]} Bg4 {[%emt 0:00:01]} 8. Bb2 {[%emt 0:00:00]} Qc8 {[%emt 0:00:01]} 9. Nbd2 {[%emt 0:00:02]} Na6 {[%emt 0:00:02]} 10. a3 {[%emt 0:00:01]} Re8 {[%emt 0:00:02]} 11. e4 {[%emt 0:00:00]} e5 {[%emt 0:00:01]} 12. c3 {[%emt 0:00:01]} exd4 {[%emt 0:00:01]} 13. cxd4 {[%emt 0:00:00]} Nd7 {[%emt 0:00:02]} 14. Rc1 {[%emt 0:00:01]} Qd8 {[%emt 0:00:02]} 15. Qc2 {[%emt 0:00:00]} Qb6 {[%emt 0:00:01]} 16. Bc3 {[%emt 0:00:02]} Bxf3 {[%emt 0:00:01]} 17. Bxf3 {[%emt 0:00:01]} Nf6 {[%emt 0:00:00]} 18. Nc4 {[%emt 0:00:00]} Qc7 {[%emt 0:00:01]} 19. Bg2 {[%emt 0:00:01]} Rad8 {[%emt 0:00:02]} 20. b4 {[%emt 0:00:01]} Nb8 {[%emt 0:00:01]} 21. Qb2 {[%emt 0:00:01]} Qe7 {[%emt 0:00:01]} 22. e5 {[%emt 0:00:02]} dxe5 {[%emt 0:00:01]} 23. Rxe5 {[%emt 0:00:01]} Nd5 {[%emt 0:00:02]} 24. Rxe7 {[%emt 0:00:02]} Rxe7 {[%emt 0:00:01]} 25. Be1 {[%emt 0:00:02]} Rde8 {[%emt 0:00:01]} 26. Bd2 {[%emt 0:00:01]} Re2 {[%emt 0:00:02]} 27. Bf1 {[%emt 0:00:01]} R2e7 {[%emt 0:00:02]} 28. Nd6 {[%emt 0:00:01]} Rd8 {[%emt 0:00:02]} 29. Nc4 {[%emt 0:00:02]} Rde8 {[%emt 0:00:00]} 30. Bg5 {[%emt 0:00:02]} f6 {[%emt 0:00:01]} 31. Nd6 {[%emt 0:00:02]} Rd8 {[%emt 0:00:02]} 32. Bf4 {[%emt 0:00:00]} Red7 {[%emt 0:00:01]} 33. Ne4 {[%emt 0:00:02]} f5 {[%emt 0:00:01]} 34. Nc5 {[%emt 0:00:01]} Rf7 {[%emt 0:00:02]} 35. Bg5 {[%emt 0:00:01]} Re8 {[%emt 0:00:01]} 36. Rc2 {[%emt 0:00:01]} b6 {[%emt 0:00:01]} 37. Nd3 {[%emt 0:00:01]} Re4 {[%emt 0:00:02]} 38. Bg2 {[%emt 0:00:02]} Bxd4 {[%emt 0:00:01]} 39. Qc1 {[%emt 0:00:02]} Re8 {[%emt 0:00:02]} 40. Re2 {[%emt 0:00:01]} Rff8 {[%emt 0:00:02]} 41. Rxe8 {[%emt 0:00:01]} Rxe8 {[%emt 0:00:01]} 42. Nf4 {[%emt 0:00:00]} Nc3 {[%emt 0:00:02]} 43. b5 {[%emt 0:00:03]} c5 {[%emt 0:00:01]} 44. h4 {[%emt 0:00:01]} Kg7 {[%emt 0:00:02]} 45. Nd5 {[%emt 0:00:01]} Ne2+ {[%emt 0:00:01]} 46. Kh2 {[%emt 0:00:01]} Nxc1 {[%emt 0:00:00]} 47. h5 {[%emt 0:00:00]} Ne2 {[%emt 0:00:01]} 48. h6+ {[%emt 0:00:00]} Kf7 {[%emt 0:00:01]} 49. Nc7 {[%emt 0:00:02]} Bf6 {[%emt 0:00:01]} 50. Nxe8 {[%emt 0:00:01]} Kxe8 {[%emt 0:00:01]} 51. Bxf6 {[%emt 0:00:01]} Nd7 {[%emt 0:00:00]} 52. Bc3 {[%emt 0:00:01] Time (Lag: Av=0.39s, max=0.8s)} 1-0

[Event "Stay Safe Play From Home 224"]
[Site "T#646781Emanuel Laske"]
[Date "2020.06.14"]
[Round "8"]
[White "EL sanbary"]
[Black "Klasman"]
[Result "1-0"]
[WhiteElo "1950"]
[BlackElo "1276"]
[Annotator "TA"]
[PlyCount "59"]
[EventDate "2020.06.14"]
[EventType "swiss (blitz)"]

{[%evp 9,59,51,42,35,29,34,107,-19,48,0,0,0,0,0,0,-28,0,-18,-32,-22,-30,-19,-21,-24,-14,-97,-97,-195,-66,-466,-59,-52,-54,-66,0,-23,-10,-31,-9,-16,558,53,70,-141,-17,-33,52,-84,69,63,80,0]} 1. c4 f5 2. g3 Nf6 3. Bg2 e6 4. Nc3 c6 5. e4 fxe4 6. Nxe4 {A10: English Opening: Unusual Replies for Black.} Nxe4 7. Bxe4 {[#] Strongly threatening Qh5+.} d5 $146 {[#]} (7... Qf6 $14) ({Predecessor:} 7... Qf6 8. Ne2 d5 9. Bg2 Bd6 10. Qc2 O-O 11. O-O Nd7 12. d4 e5 13. cxd5 c5 14. dxc5 Nxc5 {1-0 (49) Hernandez Funes,H (1940)-Fontela Hidalgo,V (1570) Barcelona 2016}) 8. cxd5 (8. Qh5+ $1 $16 Kd7 9. Bg2 (9. cxd5 exd5 10. Bg2 Kc7 $11) (9. Bxh7 Kc7 $11)) 8... cxd5 (8... exd5 $11 9. Qh5+ {[%mdl 64] Double Attack} Kd7) 9. Bg2 Nc6 10. d4 Bb4+ 11. Bd2 Qa5 $36 {[%mdl 2048] White must now prevent ...0-0. Black has the initiative.} 12. Nf3 Bxd2+ 13. Nxd2 Nxd4 14. O-O O-O 15. Nb3 Nxb3 16. Qxb3 Qb6 17. Qc3 (17. Qxb6 $11 axb6 18. f4) 17... Bd7 $17 18. Rac1 (18. Qd2 $17) 18... Rac8 (18... Bb5 $19 19. Rfe1 Rxf2) 19. Qe5 $2 {[%mdl 8192] [#]} (19. Qd2 $1 $15) 19... Rf5 $2 (19... Rxc1 $19 20. Rxc1 Rxf2) 20. Rxc8+ $15 Bxc8 21. Qc3 Qd8 (21... Rf8 $15) 22. Bh3 Rf6 23. Re1 Bd7 24. Qc5 e5 $2 {[%mdl 8192]} (24... Qb6 $11 {and Black has nothing to worry.} 25. Qxb6 axb6) 25. Bxd7 $2 (25. Qxd5+ $18 Rf7 26. Be6) 25... Qxd7 $14 26. Rc1 $2 (26. Rxe5 $14 Rd6 27. Qxa7) 26... Rf8 (26... Rc6 $17 27. Qe3 Rxc1+ 28. Qxc1 h6) 27. Rd1 e4 ({Black should play} 27... Rd8 $15) 28. Qd4 (28. Qxd5+ $14 {stays ahead.} Qxd5 29. Rxd5) 28... e3 $2 (28... Rd8 $17) 29. fxe3 Qf5 30. Qd2 {[%mdl 32768] White used his chance. Accuracy: White = 33%, Black = 31%. . Loss on time!?} ({Better is} 30. Qxd5+ $16 Qxd5 31. Rxd5) 1-0

[Event "Stay Safe Play From Home 224"]
[Site "T#646781Emanuel Laske"]
[Date "2020.06.14"]
[Round "8"]
[White "Shyamph1980"]
[Black "Lazieri3"]
[Result "0-1"]
[WhiteElo "1561"]
[BlackElo "2130"]
[Annotator "NA RC"]
[PlyCount "76"]
[EventDate "2020.06.14"]
[EventType "swiss (blitz)"]

1. e4 {[%emt 0:00:04]} c6 {[%emt 0:00:00]} 2. Nf3 {[%emt 0:00:00]} d5 {[%emt 0:00:00]} 3. exd5 {[%emt 0:00:01]} cxd5 {[%emt 0:00:00]} 4. d4 {[%emt 0:00:00]} Nc6 {[%emt 0:00:01]} 5. Bd3 {[%emt 0:00:00]} Nf6 {[%emt 0:00:00]} 6. O-O {[%emt 0:00:01]} Bg4 {[%emt 0:00:01]} 7. c3 {[%emt 0:00:01]} Bh5 {[%emt 0:00:01]} 8. Re1 {[%emt 0:00:01]} e6 {[%emt 0:00:01]} 9. Qb3 {[%emt 0:00:01]} Qb6 {[%emt 0:00:01]} 10. Qxb6 {[%emt 0:00:01]} axb6 {[%emt 0:00:00]} 11. Na3 {[%emt 0:00:01]} Bxa3 {[%emt 0:00:01]} 12. bxa3 {[%emt 0:00:01]} O-O {[%emt 0:00:01]} 13. Ne5 {[%emt 0:00:02]} Nxe5 {[%emt 0:00:01]} 14. dxe5 {[%emt 0:00:01]} Nd7 {[%emt 0:00:01]} 15. Rb1 {[%emt 0:00:01]} Nc5 {[%emt 0:00:02]} 16. Bf1 {[%emt 0:00:05]} Nd7 {[%emt 0:00:02]} 17. Bb5 {[%emt 0:00:02]} Bg6 {[%emt 0:00:02]} 18. Bxd7 {[%emt 0:00:02]} Bxb1 {[%emt 0:00:01]} 19. Bb2 {[%emt 0:00:01]} Bxa2 {[%emt 0:00:01]} 20. Ra1 {[%emt 0:00:03]} Bc4 {[%emt 0:00:01]} 21. a4 {[%emt 0:00:01]} Rfd8 {[%emt 0:00:02]} 22. Bb5 {[%emt 0:00:05]} Bxb5 {[%emt 0:00:01]} 23. Rb1 {[%emt 0:00:01]} Bxa4 {[%emt 0:00:01]} 24. Ba3 {[%emt 0:00:01]} b5 {[%emt 0:00:02]} 25. Bb4 {[%emt 0:00:02]} Rdc8 {[%emt 0:00:01]} 26. f3 {[%emt 0:00:01]} h6 {[%emt 0:00:02]} 27. h4 {[%emt 0:00:01]} Rc4 {[%emt 0:00:01]} 28. Re1 {[%emt 0:00:02]} Rac8 {[%emt 0:00:01]} 29. Kf2 {[%emt 0:00:01]} Rxb4 {[%emt 0:00:01]} 30. cxb4 {[%emt 0:00:02]} Rc4 {[%emt 0:00:00]} 31. g3 {[%emt 0:00:02]} Rxb4 {[%emt 0:00:01]} 32. Kg2 {[%emt 0:00:01]} Rb2+ {[%emt 0:00:01]} 33. Kh3 {[%emt 0:00:01]} b4 {[%emt 0:00:02]} 34. Re3 {[%emt 0:00:02]} b3 {[%emt 0:00:01]} 35. Rc3 {[%emt 0:00:01]} Rc2 {[%emt 0:00:01]} 36. Re3 {[%emt 0:00:02]} b2 {[%emt 0:00:01]} 37. Ra3 {[%emt 0:00:01]} b1=Q {[%emt 0:00:01]} 38. Rxa4 {[%emt 0:00:01]} Qh1+ {[%emt 0:00:03] Time (Lag: Av=1.21s, max=3.0s) .} 0-1

[Event "Stay Safe Play From Home 224"]
[Site "T#646781Emanuel Laske"]
[Date "2020.06.14"]
[Round "8"]
[White "Trotsky"]
[Black "Tunca"]
[Result "0-1"]
[WhiteElo "1540"]
[BlackElo "1820"]
[Annotator "NA RC"]
[PlyCount "60"]
[EventDate "2020.06.14"]
[EventType "swiss (blitz)"]

1. d4 {[%emt 0:00:01]} d5 {[%emt 0:00:01]} 2. e3 {[%emt 0:00:00]} e6 {[%emt 0:00:01]} 3. c4 {[%emt 0:00:01]} Nf6 {[%emt 0:00:00]} 4. Nc3 {[%emt 0:00:01]} c5 {[%emt 0:00:01]} 5. Nf3 {[%emt 0:00:01]} cxd4 {[%emt 0:00:02]} 6. exd4 {[%emt 0:00:01]} Be7 {[%emt 0:00:00]} 7. c5 {[%emt 0:00:02]} Nc6 {[%emt 0:00:01]} 8. a3 {[%emt 0:00:01]} O-O {[%emt 0:00:00]} 9. Be3 {[%emt 0:00:01]} Re8 {[%emt 0:00:00]} 10. Qc2 {[%emt 0:00:01]} Bf8 {[%emt 0:00:02]} 11. O-O-O {[%emt 0:00:01]} e5 {[%emt 0:00:02]} 12. h4 {[%emt 0:00:01]} exd4 {[%emt 0:00:02]} 13. Bxd4 {[%emt 0:00:02]} Nxd4 {[%emt 0:00:02]} 14. Nxd4 {[%emt 0:00:02]} Bxc5 {[%emt 0:00:00]} 15. Nf3 {[%emt 0:00:01]} Bg4 {[%emt 0:00:02]} 16. Bd3 {[%emt 0:00:01]} Rc8 {[%emt 0:00:04]} 17. Ng5 {[%emt 0:00:02]} Ne4 {[%emt 0:00:03]} 18. f3 {[%emt 0:00:02]} Nxc3 {[%emt 0:00:02]} 19. Bxh7+ {[%emt 0:00:02]} Kf8 {[%emt 0:00:02]} 20. bxc3 {[%emt 0:00:04]} Bxa3+ {[%emt 0:00:01]} 21. Kb1 {[%emt 0:00:03]} Qb6+ {[%emt 0:00:02]} 22. Ka1 {[%emt 0:00:02]} Rc4 {[%emt 0:00:03]} 23. Rb1 {[%emt 0:00:04]} Qa6 {[%emt 0:00:02]} 24. Rb3 {[%emt 0:00:02]} Ra4 {[%emt 0:00:01]} 25. Qa2 {[%emt 0:00:02]} Bc5 {[%emt 0:00:01]} 26. Kb2 {[%emt 0:00:09]} Rxa2+ {[%emt 0:00:01]} 27. Kc1 {[%emt 0:00:01]} Ra1+ {[%emt 0:00:01]} 28. Rb1 {[%emt 0:00:01]} Be3+ {[%emt 0:00:01]} 29. Kc2 {[%emt 0:00:02]} Qa2+ {[%emt 0:00:02]} 30. Kd3 {[%emt 0:00:01]} Rxb1 {[%emt 0:00:02] Âðåìÿ (Lag: Av=0.31s, max=0.6s)} 0-1

[Event "Stay Safe Play From Home 224"]
[Site "T#646781Emanuel Laske"]
[Date "2020.06.14"]
[Round "9"]
[White "Mepe_Nika"]
[Black "Shyamph1980"]
[Result "1-0"]
[WhiteElo "2365"]
[BlackElo "1558"]
[Annotator "NA"]
[PlyCount "67"]
[EventDate "2020.06.14"]
[EventType "swiss (blitz)"]

1. d4 {[%emt 0:00:01]} d5 {[%emt 0:00:01]} 2. Bf4 {[%emt 0:00:01]} Nc6 {[%emt 0:00:01]} 3. e3 {[%emt 0:00:01]} e6 {[%emt 0:00:01]} 4. c4 {[%emt 0:00:01]} Bd6 {[%emt 0:00:01]} 5. Bxd6 {[%emt 0:00:01]} Qxd6 {[%emt 0:00:01]} 6. Nc3 {[%emt 0:00:00]} dxc4 {[%emt 0:00:01]} 7. Bxc4 {[%emt 0:00:02]} a6 {[%emt 0:00:01]} 8. Nf3 {[%emt 0:00:01]} Nf6 {[%emt 0:00:01]} 9. O-O {[%emt 0:00:01]} O-O {[%emt 0:00:00]} 10. Rc1 {[%emt 0:00:02]} b5 {[%emt 0:00:01]} 11. Bd3 {[%emt 0:00:01]} Bb7 {[%emt 0:00:01]} 12. Ne4 {[%emt 0:00:01]} Nxe4 {[%emt 0:00:05]} 13. Bxe4 {[%emt 0:00:00]} Rab8 {[%emt 0:00:03]} 14. Bxh7+ {[%emt 0:00:01]} Kxh7 {[%emt 0:00:02]} 15. Ng5+ {[%emt 0:00:00]} Kg6 {[%emt 0:00:03]} 16. Qg4 {[%emt 0:00:01]} f5 {[%emt 0:00:03]} 17. Qe2 {[%emt 0:00:11]} Kxg5 {[%emt 0:00:02]} 18. Rc5 {[%emt 0:00:01]} Kf6 {[%emt 0:00:02]} 19. Rfc1 {[%emt 0:00:01]} Nb4 {[%emt 0:00:01]} 20. a3 {[%emt 0:00:02]} Nd5 {[%emt 0:00:08]} 21. f3 {[%emt 0:00:01]} Qe7 {[%emt 0:00:02]} 22. e4 {[%emt 0:00:01]} Nb6 {[%emt 0:00:02]} 23. Rxc7 {[%emt 0:00:01]} Qd6 {[%emt 0:00:01]} 24. e5+ {[%emt 0:00:04]} Kg6 {[%emt 0:00:04]} 25. exd6 {[%emt 0:00:01]} Bd5 {[%emt 0:00:02]} 26. Re7 {[%emt 0:00:03]} Nc4 {[%emt 0:00:01]} 27. Rxe6+ {[%emt 0:00:01]} Bxe6 {[%emt 0:00:02]} 28. Qxe6+ {[%emt 0:00:00]} Rf6 {[%emt 0:00:02]} 29. Qd5 {[%emt 0:00:02]} Rxd6 {[%emt 0:00:01]} 30. Qc5 {[%emt 0:00:02]} Rbd8 {[%emt 0:00:02]} 31. Re1 {[%emt 0:00:03]} Nd2 {[%emt 0:00:02]} 32. g4 {[%emt 0:00:03]} Rxd4 {[%emt 0:00:01]} 33. Qxf5+ {[%emt 0:00:01]} Kh6 {[%emt 0:00:00]} 34. Qh5# {[%emt 0:00:01] (Lag: Av=0.71s, max=3.1s)} 1-0